Starts with P...kinda Quiz Stats

 Plays Quiz not verified by Sporcle

Score 0/25 Timer 10:00
0 Plays Today
Country % Correct
Portugal
97.4%
Panama
94.7%
Poland
94.7%
Palau
92.1%
Pakistan
92.1%
Peru
89.5%
Papua New Guinea
89.5%
France
86.8%
Paraguay
86.8%
Cambodia
84.2%
Haiti
84.2%
North Korea
84.2%
Philippines
84.2%
Country % Correct
Czech Republic
81.6%
Trinidad and Tobago
81.6%
Kosovo
81.6%
Cabo Verde
78.9%
South Africa
78.9%
Suriname
76.3%
Mauritius
76.3%
Benin
76.3%
Montenegro
73.7%
Vanuatu
71.1%
Micronesia
63.2%
Palestine
63.2%

You're not logged in!

Compare scores with friends on all Sporcle quizzes.
OR
Log In

Sporcle TV

Today on Sporcle TV


Watch our educational content, quiz creation guides, and fun videos on Sporcle TV.

Show Comments

Extras

Created Jul 19, 2016ReportNominate
Tags:Capital Quiz, Country Quiz

Top Quizzes Today


Score Distribution

Your Account Isn't Verified!

In order to create a playlist on Sporcle, you need to verify the email address you used during registration. Go to your Sporcle Settings to finish the process.

Report this User

Report this user for behavior that violates our Community Guidelines.

Details: